000 00252nam a2200097Ia 4500
001 958267
005 20250826215901.0
008 250824s9999 xx 000 0 und d
245 0 _aALLAH SİZİN SAHİBİNİZDİR
_cUĞUR KOŞAR
260 _bDESTEK YAYINLARI
999 _c958267
_d958267